000 00439nam a22001577a 4500
008 140115b xxu||||| |||| 00| 0 alb d
020 _69992751231
080 _a341.1/.8
100 _aPuto, Arben
245 _aE drejta ndërkombëtare publike :
_cArben Puto
250 _aBotimi i 7
260 _aTiranë :
_bAlbin,
_c2002
300 _a552 f. ;
_c23 cm.
650 0 _aE drejta ndërkombëtare
942 _2udc
_cBK
999 _c392
_d392